000
00305nam a22001457a 4500
008
230615b ||||| |||| 00| 0 eng d
020
_a
9781401901295
041
_a
eng
080
_a
61
082
_a
61BOE
100
_a
3
101
_a
MJKP
245
_a
DOCTORS CRY,TOO
_c
BOEHM.H.F
942
_2
udc
_c
BK
999
_c
59987
_d
59987